[Event "26th EUR-ch"]
[Site "Katowice POL"]
[Date "2026.04.10"]
[Round "4.168"]
[White "Rekuc, Patryk"]
[Black "Palamarchuk, Andriy"]
[Result "1-0"]
[WhiteElo "2280"]
[BlackElo "2110"]
[EventDate "2026.04.07"]
[PlyCount "103"]

1.e4 d6 2.d4 Nf6 3.Nc3 e5 4.Nf3 Nbd7 5.Bc4 Be7 6.O-O O-O 7.a4 c6 8.Re1 Qc7
9.h3 b6 10.Bg5 Bb7 11.Qd2 Rfe8 12.Bh4 Bf8 13.Rad1 a6 14.Bb3 b5 15.Ng5 Re7 
16.dxe5 dxe5 17.Qe2 h6 18.Nf3 g5 19.Bg3 Nc5 20.Nd2 Ne6 21.Bxe6 Rxe6 22.Nf1
Bb4 23.Qf3 Bxc3 24.Qxc3 c5 25.f3 c4 26.Bf2 Nd7 27.Ne3 f6 28.Nf5 Kh7 29.Rd2
Nb6 30.Red1 Bc6 31.Qa5 Nd5 32.Qxc7+ Nxc7 33.Rd7+ Bxd7 34.Rxd7+ Kh8 35.Rxc7
Rd8 36.Bc5 bxa4 37.Ng7 c3 38.bxc3 Rb6 39.Bxb6 a3 40.Ra7 a2 41.Rxa6 Rd1+ 
42.Kf2 a1=Q 43.Rxa1 Rxa1 44.Nf5 Ra6 45.Bc5 Ra2 46.Be7 Rxc2+ 47.Kg3 Rxc3 
48.Nxh6 Kg7 49.Ng4 Kg6 50.Bxf6 Rc2 51.Bxe5 Kh5 52.Bd6 1-0

[Event "26th EUR-ch"]
[Site "Katowice POL"]
[Date "2026.04.10"]
[Round "4.169"]
[White "Varga, Csaba Zoltan"]
[Black "Blanquet, Camille"]
[Result "0-1"]
[WhiteElo "2280"]
[BlackElo "2107"]
[EventDate "2026.04.07"]
[PlyCount "78"]

1.e4 c6 2.Nc3 d5 3.Nf3 dxe4 4.Ng5 Bf5 5.g4 Bg6 6.h4 h6 7.Ngxe4 e6 8.d3 Be7
9.h5 Bh7 10.Rg1 Nf6 11.Ng3 Qb6 12.Nb1 Bc5 13.Nh1 Nbd7 14.c3 O-O-O 15.b4 
Be7 16.a4 Qc7 17.f4 e5 18.f5 Nd5 19.Nf2 g6 20.Qf3 Nf4 21.a5 gxf5 22.a6 b6 
23.gxf5 Bxf5 24.Rg7 Be6 25.Bxf4 exf4 26.Bh3 Bd5 27.Ne4 Qe5 28.Qg4 Bf6 29.
Nd2 Bxe4 30.Nxe4 Bxg7 31.Kf1 f5 32.Qg6 Kc7 33.Bxf5 Qe7 34.Re1 Ne5 35.Qg2 
Rxd3 36.Nc5 Rd6 37.Qa2 Re8 38.b5 Qh4 39.Qg2 Qg3 0-1

[Event "26th EUR-ch"]
[Site "Katowice POL"]
[Date "2026.04.10"]
[Round "4.170"]
[White "Filindash, Nikita"]
[Black "Bubalovic, Davorin"]
[Result "1/2-1/2"]
[WhiteElo "2279"]
[BlackElo "2087"]
[EventDate "2026.04.07"]
[PlyCount "81"]

1.d4 Nf6 2.c4 g6 3.Nc3 Bg7 4.e4 d6 5.Nf3 O-O 6.Be2 e5 7.O-O Nc6 8.d5 Ne7 
9.b4 Nh5 10.g3 f5 11.Ng5 Nf6 12.Bf3 Kh8 13.Bg2 h6 14.Ne6 Bxe6 15.dxe6 Nxe4
16.Nxe4 fxe4 17.Bxe4 c6 18.Qg4 Qe8 19.Qh3 d5 20.cxd5 cxd5 21.Bc2 Nf5 22.
Bxf5 gxf5 23.Bxh6 Qxe6 24.Bg5+ Kg8 25.Rad1 Rac8 26.Rd2 Rc4 27.Rfd1 d4 28.
Qf1 Rfc8 29.Qe1 Qg6 30.h4 Rxb4 31.Rc2 Rxc2 32.Qxb4 Qc6 33.h5 Rc4 34.Qe7 e4
35.h6 Bxh6 36.Bxh6 Qxh6 37.Qe8+ Qf8 38.Qg6+ Qg7 39.Qe8+ Qf8 40.Qg6+ Qg7 
41.Qe8+ 1/2-1/2

[Event "26th EUR-ch"]
[Site "Katowice POL"]
[Date "2026.04.10"]
[Round "4.171"]
[White "Hryzlova, Sofiia"]
[Black "Szente Varga, Fruzsina"]
[Result "0-1"]
[WhiteElo "2278"]
[BlackElo "2078"]
[EventDate "2026.04.07"]
[PlyCount "126"]

1.Nf3 Nf6 2.c4 g6 3.g3 Bg7 4.Bg2 O-O 5.O-O d6 6.d4 c5 7.Nc3 Nc6 8.d5 Na5 
9.Nd2 e6 10.Rb1 exd5 11.cxd5 Bf5 12.e4 Bg4 13.Qc2 b5 14.h3 Bd7 15.b3 Rc8 
16.Bb2 Qb6 17.Ne2 Nh5 18.Nf3 b4 19.Bxg7 Nxg7 20.Qd2 Rfe8 21.Qf4 Bb5 22.
Rfe1 Bd3 23.Qh6 f6 24.Nh2 Bxb1 25.Rxb1 Qd8 26.Qd2 Nb7 27.Ng4 Qe7 28.Nf4 
Nd8 29.Kh2 Nf7 30.Nd3 Ne5 31.Nh6+ Kh8 32.Nb2 Nf7 33.Nxf7+ Qxf7 34.Nc4 Qe7 
35.f4 Rf8 36.Re1 Rce8 37.Re3 Qc7 38.Qb2 Re7 39.e5 fxe5 40.fxe5 Rxe5 41.
Nxe5 dxe5 42.Rxe5 Kg8 43.Qa1 Qd6 44.Qe1 a5 45.Re7 Rf7 46.Re4 Ra7 47.Qe3 
Nf5 48.Qg5 Re7 49.Rf4 Re5 50.Qg4 h5 51.Qg5 Kg7 52.Rf2 h4 53.gxh4 Rxd5+ 54.
Qf4 Qxf4+ 55.Rxf4 Rd2 56.Kg1 Rxa2 57.Bd5 Rd2 58.Bc4 Rd4 59.Rf2 a4 60.h5 
Rxc4 61.bxc4 b3 62.hxg6 a3 63.Rxf5 b2 0-1

[Event "26th EUR-ch"]
[Site "Katowice POL"]
[Date "2026.04.10"]
[Round "4.172"]
[White "Yasmo, Daniil"]
[Black "Sprzeczka, Emilia"]
[Result "0-1"]
[WhiteElo "2271"]
[BlackElo "2066"]
[EventDate "2026.04.07"]
[PlyCount "62"]

1.e4 e5 2.Nf3 Nc6 3.Nc3 Nf6 4.Bb5 Nd4 5.Bc4 Bc5 6.Nxe5 Qe7 7.Nf3 d5 8.Bxd5
Nxd5 9.Nxd4 Nf4 10.Qf3 Nxg2+ 11.Qxg2 Bxd4 12.Nd5 Qd8 13.Qg3 O-O 14.Nxc7 
Qe7 15.d3 f5 16.Nd5 Qc5 17.Be3 fxe4 18.Bxd4 Qxd4 19.Ne7+ Kh8 20.O-O-O exd3
21.Rxd3 Qe4 22.Rg1 Qxe7 23.Re3 Qf6 24.Qc7 Bf5 25.c3 Bg6 26.Rge1 Qxf2 27.
R1e2 Qf1+ 28.Re1 Qf5 29.Re4 Rae8 30.Qd6 Rxe4 31.Rxe4 Qf1+ 0-1

[Event "26th EUR-ch"]
[Site "Katowice POL"]
[Date "2026.04.10"]
[Round "4.173"]
[White "Flak, Pawel"]
[Black "Musial, Igor"]
[Result "0-1"]
[WhiteElo "2111"]
[BlackElo "2270"]
[EventDate "2026.04.07"]
[PlyCount "48"]

1.d4 Nf6 2.Nf3 e6 3.g3 d5 4.Bg2 h6 5.c4 Bd6 6.O-O O-O 7.Nc3 Nc6 8.b3 Re8 
9.Bb2 dxc4 10.bxc4 e5 11.e3 exd4 12.exd4 Bf5 13.Qa4 Bf8 14.Ne5 Nxd4 15.Nd5
Nxd5 16.Bxd5 Rxe5 17.Bxd4 Rxd5 18.cxd5 Qxd5 19.f3 Bd3 20.Rfe1 b5 21.Qa6 
Qxd4+ 22.Kg2 Qb2+ 23.Kh1 Re8 24.Qc6 Re2 0-1

[Event "26th EUR-ch"]
[Site "Katowice POL"]
[Date "2026.04.10"]
[Round "4.174"]
[White "Mirski, Stanislaw"]
[Black "Bognar, Csaba"]
[Result "1/2-1/2"]
[WhiteElo "2266"]
[BlackElo "2057"]
[EventDate "2026.04.07"]
[PlyCount "102"]

1.d4 Nf6 2.c4 g6 3.Nf3 Bg7 4.g3 O-O 5.Bg2 d6 6.O-O Nbd7 7.Nc3 e5 8.h3 c6 
9.e4 Qe7 10.Re1 Ne8 11.b3 f5 12.a4 Qf6 13.Ra2 h6 14.dxe5 Nxe5 15.Nxe5 dxe5
16.Ba3 Rf7 17.Rd2 Be6 18.exf5 gxf5 19.a5 Nc7 20.Bd6 e4 21.Ne2 Re8 22.Nf4 
Bc8 23.Nh5 Qg6 24.Nf4 Qf6 25.Nh5 Qg6 26.Nxg7 Rxg7 27.f3 Nd5 28.Bb8 Bd7 29.
cxd5 Rxb8 30.fxe4 Qxg3 31.e5 cxd5 32.Qe2 Qxh3 33.e6 Bc6 34.Qe5 Qg3 35.Qxg3
Rxg3 36.Kf2 Rxb3 37.Bxd5 Bxd5 38.Rxd5 Rb4 39.Rxf5 Rg4 40.Kf3 Rg6 41.Re4 
Rf8 42.Rxf8+ Kxf8 43.Rb4 Rxe6 44.Rxb7 Re7 45.Rb8+ Kf7 46.Kf4 Ke6 47.Rh8 
Kd6 48.Rxh6+ Kc5 49.a6 Kb5 50.Kf3 Re1 51.Kf2 Ra1 1/2-1/2

[Event "26th EUR-ch"]
[Site "Katowice POL"]
[Date "2026.04.10"]
[Round "4.175"]
[White "Goderdzishvili, Giga"]
[Black "Korniichuk, Oleksandra"]
[Result "1-0"]
[WhiteElo "2261"]
[BlackElo "2055"]
[EventDate "2026.04.07"]
[PlyCount "99"]

1.e4 c5 2.Nf3 Nc6 3.d3 g6 4.g3 Bg7 5.Bg2 d6 6.h3 e5 7.O-O Nge7 8.c3 O-O 9.
a3 h6 10.b4 Qe8 11.Nbd2 Be6 12.Bb2 Rd8 13.Re1 Qd7 14.Kh2 b5 15.Nb3 c4 16.
dxc4 Bxc4 17.Nbd2 Be6 18.Qe2 Rb8 19.Red1 Rfd8 20.c4 Qb7 21.cxb5 Qxb5 22.
Qxb5 Rxb5 23.Bf1 Rbb8 24.Rac1 d5 25.b5 Nd4 26.Bxd4 exd4 27.e5 g5 28.Nxd4 
Bxe5 29.Nxe6 fxe6 30.Re1 Bb2 31.Rc7 Bxa3 32.Rxe6 Rb6 33.Rcxe7 Bxe7 34.Rxe7
Rf6 35.Kg2 Rc8 36.Rd7 Rc5 37.Nf3 Rc3 38.Nd4 Ra3 39.Rxd5 Ra2 40.Nf5 Rb2 41.
g4 Re6 42.Rd8+ Kh7 43.Rd7+ Kh8 44.Rxa7 Re4 45.Ra3 Rf4 46.Rf3 Ra4 47.Nxh6 
Ra1 48.Bd3 Kg7 49.Rf7+ Kxh6 50.Rh7# 1-0

[Event "26th EUR-ch"]
[Site "Katowice POL"]
[Date "2026.04.10"]
[Round "4.176"]
[White "Hasson Schrager, Shalev"]
[Black "Celik, Ali Alper"]
[Result "1-0"]
[WhiteElo "2110"]
[BlackElo "2256"]
[EventDate "2026.04.07"]
[PlyCount "101"]

1.e4 c5 2.Nf3 e6 3.d4 cxd4 4.Nxd4 a6 5.c4 Nf6 6.Nc3 Qc7 7.Be2 Bb4 8.Qd3 
Nc6 9.Nxc6 dxc6 10.a3 Be7 11.f4 e5 12.Qg3 h5 13.f5 Bd7 14.Be3 Rg8 15.Qf2 
g6 16.O-O-O gxf5 17.exf5 Ng4 18.Bxg4 Rxg4 19.f6 Bf8 20.Bb6 Qc8 21.Rhe1 
Bh6+ 22.Kb1 Bf5+ 23.Ka1 Qe6 24.Bc7 e4 25.Rd6 Qc8 26.Rd8+ Qxd8 27.Bxd8 Rf4 
28.Qc5 Kxd8 29.Qe7+ Kc8 30.Rd1 Kb8 31.Rd8+ Bc8 32.Na4 Rf1+ 33.Ka2 Be3 34.
c5 Ka7 35.Rxc8 Rxc8 36.Nb6 Rh8 37.Nc4 Bf4 38.Na5 Rb8 39.Nxc6+ Ka8 40.Nxb8 
Bxb8 41.Qxf7 e3 42.Qe7 e2 43.Qxe2 Rxf6 44.Qxh5 Rf2 45.Qd5 Re2 46.c6 Be5 
47.cxb7+ Kb8 48.Qg8+ Kxb7 49.Qb3+ Ka7 50.h4 Bd4 51.g4 1-0

[Event "26th EUR-ch"]
[Site "Katowice POL"]
[Date "2026.04.10"]
[Round "4.177"]
[White "Marzano, Carlo"]
[Black "Podolskyi, Mykhailo"]
[Result "1/2-1/2"]
[WhiteElo "2108"]
[BlackElo "2255"]
[EventDate "2026.04.07"]
[PlyCount "67"]

1.d4 d5 2.c4 e6 3.Nf3 c6 4.Bg5 Be7 5.Bxe7 Qxe7 6.Nbd2 Nf6 7.g3 O-O 8.Bg2 
b6 9.O-O Bb7 10.Ne5 Nbd7 11.Nxd7 Qxd7 12.Rc1 Rac8 13.Qb3 c5 14.cxd5 Bxd5 
15.Bxd5 exd5 16.dxc5 bxc5 17.Qa3 Qb5 18.e3 Qb6 19.Rc2 Rc7 20.Rfc1 Rfc8 21.
Qa4 h6 22.b3 Qe6 23.Qb5 Nd7 24.Qe2 Ne5 25.Nf3 Nxf3+ 26.Qxf3 c4 27.Qf4 Rc6 
28.Qd4 cxb3 29.Rxc6 Rxc6 30.Rxc6 Qxc6 31.axb3 a5 32.h4 h5 33.Kg2 g6 34.Kg1
1/2-1/2

[Event "26th EUR-ch"]
[Site "Katowice POL"]
[Date "2026.04.10"]
[Round "4.178"]
[White "Saraci, Korab"]
[Black "Omarsson, Josef"]
[Result "1-0"]
[WhiteElo "2251"]
[BlackElo "2045"]
[EventDate "2026.04.07"]
[PlyCount "49"]

1.e4 c5 2.Nf3 Nc6 3.c3 e5 4.Bc4 Nf6 5.O-O Be7 6.d4 cxd4 7.cxd4 exd4 8.e5 
Ng4 9.Re1 d5 10.Bb3 Bh4 11.g3 Be7 12.h3 Nh6 13.Nxd4 Bxh3 14.Bxh6 gxh6 15.
e6 O-O 16.Nc3 fxe6 17.Nxe6 Bxe6 18.Rxe6 Bc5 19.Ne4 Bd4 20.Rxh6 Kh8 21.Qh5 
Qc7 22.Ng5 Qxg3+ 23.Kh1 Rxf2 24.Rxh7+ Kg8 25.Qg6+ 1-0

[Event "26th EUR-ch"]
[Site "Katowice POL"]
[Date "2026.04.10"]
[Round "4.179"]
[White "Przybylski, Bartosz"]
[Black "Nguyen, Khoi"]
[Result "1-0"]
[WhiteElo "2249"]
[BlackElo "2037"]
[EventDate "2026.04.07"]
[PlyCount "67"]

1.e4 e6 2.d4 d5 3.Nc3 Bb4 4.e5 Ne7 5.a3 Bxc3+ 6.bxc3 c5 7.h4 Qc7 8.h5 h6 
9.Rh3 Nbc6 10.a4 Qa5 11.Bd2 Bd7 12.Qg4 Rg8 13.Bd3 Nf5 14.Qf4 Qb6 15.g4 
Nfe7 16.Nf3 Qb2 17.Rc1 O-O-O 18.dxc5 Rgf8 19.g5 hxg5 20.Qxg5 f6 21.Qxg7 
fxe5 22.Nxe5 Rg8 23.Qf6 Rdf8 24.Nf7 Be8 25.Rg3 Bxf7 26.Rxg8 Rxg8 27.Qxf7 
Kd7 28.h6 Ne5 29.Qxg8 Nxg8 30.h7 Nf3+ 31.Kd1 Nxd2 32.Kxd2 d4 33.hxg8=Q 
dxc3+ 34.Kd1 1-0

[Event "26th EUR-ch"]
[Site "Katowice POL"]
[Date "2026.04.10"]
[Round "4.180"]
[White "Smietanska, Wiktoria"]
[Black "Lasok, Marek"]
[Result "1-0"]
[WhiteElo "2248"]
[BlackElo "2009"]
[EventDate "2026.04.07"]
[PlyCount "91"]

1.e4 c5 2.Nc3 a6 3.Nf3 e6 4.d4 cxd4 5.Nxd4 b5 6.Bd3 Bb7 7.O-O Nc6 8.Nxc6 
Bxc6 9.Re1 Bc5 10.e5 f5 11.exf6 Nxf6 12.Be3 Bxe3 13.Rxe3 O-O 14.Qe2 Qc7 
15.Ne4 Nxe4 16.Bxe4 Bxe4 17.Rxe4 Rf4 18.Re3 Raf8 19.f3 Rc4 20.c3 b4 21.
cxb4 Rc2 22.Qxa6 Rc1+ 23.Re1 Rc2 24.Re2 Rxe2 25.Qxe2 Qb6+ 26.Kh1 Qxb4 27.
Rd1 Qb7 28.a3 Rb8 29.b4 Ra8 30.Rd3 Qb5 31.Qd1 d5 32.h3 Qc4 33.Qd2 h6 34.
Rc3 Qf1+ 35.Kh2 Qa1 36.Qe3 Re8 37.Rd3 Qa2 38.Qd4 Ra8 39.Qe5 Re8 40.b5 Qc4 
41.Rc3 Qh4 42.b6 d4 43.Rc7 Re7 44.b7 Rxc7 45.b8=Q+ Kh7 46.Qbxc7 1-0

[Event "26th EUR-ch"]
[Site "Katowice POL"]
[Date "2026.04.10"]
[Round "4.181"]
[White "Maltezeanu, Stefan"]
[Black "Pasa, Ahmet"]
[Result "1/2-1/2"]
[WhiteElo "2245"]
[BlackElo "2004"]
[EventDate "2026.04.07"]
[PlyCount "75"]

1.e4 e5 2.Nf3 Nc6 3.Bb5 a6 4.Bxc6 dxc6 5.O-O Qf6 6.d3 Bg4 7.Be3 Bxf3 8.
Qxf3 Qxf3 9.gxf3 Bd6 10.Nc3 Ne7 11.Ne2 Ng6 12.Kh1 O-O 13.d4 f6 14.Rad1 
Rad8 15.Rd3 exd4 16.Nxd4 Be5 17.Rfd1 Bxd4 18.Rxd4 Rxd4 19.Rxd4 Rc8 20.f4 
Re8 21.Kg2 Kf7 22.Rd7+ Re7 23.Rxe7+ Nxe7 24.f5 Nc8 25.f4 Nd6 26.Kf3 b6 27.
b3 c5 28.c4 a5 29.a4 Ke7 30.Bf2 Kf7 31.Bh4 Ke7 32.Ke3 Kf7 33.Be1 Ke7 34.
Kd3 Kf7 35.Bc3 Ke7 36.h4 h5 37.Ke3 Kf7 38.Bb2 1/2-1/2

[Event "26th EUR-ch"]
[Site "Katowice POL"]
[Date "2026.04.10"]
[Round "4.182"]
[White "Prisacaru, Stefan-Emilian"]
[Black "Stierhof, Michael"]
[Result "1-0"]
[WhiteElo "2243"]
[BlackElo "1993"]
[EventDate "2026.04.07"]
[PlyCount "89"]

1.d4 Nf6 2.Nc3 d5 3.Bf4 c5 4.e3 a6 5.dxc5 e6 6.Na4 Nfd7 7.c3 Nxc5 8.Nxc5 
Bxc5 9.Qg4 O-O 10.Bd3 f5 11.Qg3 Nc6 12.Nf3 Bd7 13.h4 Ba7 14.h5 Bb8 15.h6 
g6 16.Nh4 Qf6 17.Bxb8 Raxb8 18.f4 Na5 19.Nf3 Rfc8 20.Ne5 Be8 21.O-O Rc7 
22.a4 Rbc8 23.Rf2 Nb3 24.Ra3 Nc5 25.Bc2 b5 26.axb5 Bxb5 27.Rd2 Kh8 28.Qh2 
Rg8 29.Nf3 Rgc8 30.g4 fxg4 31.Ne5 Ne4 32.Bxe4 dxe4 33.Nxg4 Qf5 34.Qh4 Bd3 
35.Rg2 Rf8 36.Ne5 Rb7 37.Ra5 Rb5 38.Qe7 Qf6 39.Qxf6+ Rxf6 40.Rxa6 Kg8 41.
Ra7 Rxe5 42.fxe5 Rf1+ 43.Kh2 Rf5 44.Rg7+ Kf8 45.Rxh7 1-0

[Event "26th EUR-ch"]
[Site "Katowice POL"]
[Date "2026.04.10"]
[Round "4.183"]
[White "Krasniewski, Maciej"]
[Black "Smolinski, Wojciech"]
[Result "1-0"]
[WhiteElo "2227"]
[BlackElo "1989"]
[EventDate "2026.04.07"]
[PlyCount "163"]

1.d4 Nf6 2.c4 g6 3.Nc3 d5 4.Qb3 dxc4 5.Qxc4 Be6 6.Qb5+ Bd7 7.Qb3 Bc6 8.Nf3
Bg7 9.Bg5 Ne4 10.Rd1 Nxg5 11.Nxg5 e6 12.Nf3 Bxf3 13.gxf3 Nd7 14.e3 O-O 15.
Be2 Nb6 16.f4 Qh4 17.Bf3 c6 18.Ne4 Nd5 19.Ke2 b6 20.Rhg1 Qe7 21.h4 c5 22.
h5 cxd4 23.hxg6 hxg6 24.Ng5 Rad8 25.f5 Qf6 26.fxg6 fxg6 27.Rxd4 Bh6 28.Rg3
Bxg5 29.Rdg4 Ne7 30.Rxg5 Rd6 31.R5g4 Rfd8 32.Kf1 Rd2 33.Rf4 Qe5 34.Re4 Qd5
35.Qb4 Qc5 36.Qxc5 bxc5 37.Rxe6 Kf7 38.Ra6 Rxb2 39.Be4 Rdd2 40.Rf3+ Ke8 
41.Rxa7 Rxa2 42.Rc7 Rd6 43.Rxc5 Raa6 44.Rh3 Kf7 45.Rc7 Kf6 46.Rf3+ Ke6 47.
Rc5 Rab6 48.Rf8 Rb4 49.Rf4 Rbb6 50.Rg5 Kd7 51.Rf7 Ke8 52.Rh7 Rf6 53.Ra5 
Ra6 54.Rxa6 Rxa6 55.Kg2 Rf6 56.Kg3 Rf7 57.Rh6 Kf8 58.f4 Kg7 59.Rh3 Kf6 60.
Kg4 Rg7 61.Rh6 Ng8 62.Rh8 Ne7 63.Rf8+ Rf7 64.Ra8 Nf5 65.Ra6+ Kg7 66.Bxf5 
gxf5+ 67.Kg5 Re7 68.Ra3 Rf7 69.Ra5 Re7 70.Re5 Ra7 71.Kxf5 Kf7 72.Rb5 Rc7 
73.e4 Rc4 74.Rb7+ Kf8 75.e5 Ra4 76.Kg5 Re4 77.Ra7 Rb4 78.f5 Rb1 79.Kf6 Rb8
80.e6 Kg8 81.Rg7+ Kh8 82.Rg1 1-0

[Event "26th EUR-ch"]
[Site "Katowice POL"]
[Date "2026.04.10"]
[Round "4.184"]
[White "Bochniak, Franciszek"]
[Black "Dubinski, Mateusz"]
[Result "0-1"]
[WhiteElo "2107"]
[BlackElo "2222"]
[EventDate "2026.04.07"]
[PlyCount "120"]

1.Nf3 d5 2.e3 c5 3.b3 Nc6 4.Bb2 a6 5.d4 Nf6 6.Bd3 Bg4 7.a3 cxd4 8.exd4 e6 
9.Nbd2 Bd6 10.O-O Rc8 11.c4 Qc7 12.h3 Bh5 13.Re1 Bf4 14.Be2 O-O 15.c5 Rcd8
16.Nh4 Bxe2 17.Rxe2 Bh6 18.Re1 g6 19.b4 Qf4 20.Nhf3 Bg7 21.Qb3 Ne4 22.Rad1
f5 23.a4 a5 24.bxa5 Qc7 25.Bc3 h6 26.Ne5 Bxe5 27.dxe5 Nxc5 28.Qb5 Ne4 29.
Nxe4 fxe4 30.a6 bxa6 31.Qxa6 Ra8 32.Qb5 Nxe5 33.Re3 Rf7 34.Rg3 Kh7 35.Bd4 
Nc4 36.Rc1 Qd7 37.Rb3 e5 38.Bc5 Rxa4 39.Qb8 Qc6 40.Be3 Ra8 41.Qb5 Rc8 42.
Qb4 Qf6 43.Bc5 Qe6 44.Rbc3 Rfc7 45.Rxc4 dxc4 46.Be3 Qd5 47.Qb6 Kg7 48.Ra1 
Rb7 49.Qa6 c3 50.Kh2 c2 51.Rc1 Qc6 52.Qa5 Rb5 53.Qa1 g5 54.Re1 Ra8 55.Qc1 
Rb1 56.Qd2 Raa1 57.Bxg5 Rxe1 58.Bxh6+ Kh7 59.Qg5 Rh1+ 60.Kg3 Qg6 0-1

[Event "26th EUR-ch"]
[Site "Katowice POL"]
[Date "2026.04.10"]
[Round "4.185"]
[White "Gov, Guy"]
[Black "Zabawski, Grzegorz"]
[Result "1-0"]
[WhiteElo "2222"]
[BlackElo "1984"]
[EventDate "2026.04.07"]
[PlyCount "91"]

1.e4 e6 2.d4 b6 3.Bd3 Bb7 4.Nf3 Ne7 5.O-O Ng6 6.c4 Be7 7.Nc3 O-O 8.Qc2 Nc6
9.a3 Nh4 10.Be3 Nxf3+ 11.gxf3 g6 12.f4 Bf6 13.d5 Ne7 14.Rad1 d6 15.Rfe1 
Bg7 16.Bf1 e5 17.fxe5 dxe5 18.c5 f5 19.f3 fxe4 20.fxe4 Kh8 21.Bg2 Ng8 22.
c6 Bc8 23.d6 cxd6 24.Nb5 Qh4 25.Nxd6 Nh6 26.Bf2 Qh5 27.Bg3 Bg4 28.Rd3 Nf7 
29.c7 Nxd6 30.Rxd6 Rac8 31.Bf1 Bh3 32.Bxh3 Qxh3 33.Red1 Bf6 34.Qc6 Qg4 35.
Qd5 Kg7 36.Rd7+ Kh6 37.Rf1 Bg5 38.Rff7 Be3+ 39.Kf1 Bd4 40.Bf4+ Qxf4+ 41.
Rxf4 Rxf4+ 42.Ke1 Rcf8 43.Qc4 Rxe4+ 44.Kd1 Rf2 45.c8=Q Rg2 46.Rxd4 1-0

[Event "26th EUR-ch"]
[Site "Katowice POL"]
[Date "2026.04.10"]
[Round "4.186"]
[White "Triger, Eitan"]
[Black "Pycinski, Wladyslaw"]
[Result "0-1"]
[WhiteElo "2095"]
[BlackElo "2218"]
[EventDate "2026.04.07"]
[PlyCount "78"]

1.e4 e5 2.Nf3 Nc6 3.Bb5 a6 4.Ba4 Nf6 5.O-O Nxe4 6.d4 Be7 7.Re1 b5 8.Rxe4 
d5 9.Nxe5 Nxe5 10.Rxe5 bxa4 11.Nc3 O-O 12.Nxa4 Bd6 13.Rh5 g6 14.Rh6 Qf6 
15.Be3 Re8 16.g3 Rxe3 17.fxe3 Qg5 18.Rh4 Bxg3 19.hxg3 Qxg3+ 20.Kf1 Qxh4 
21.Qf3 Bh3+ 22.Kg1 Re8 23.Nc5 Qg5+ 24.Kf2 Bg4 25.Rg1 h5 26.Rg3 Qd8 27.Qh1 
Qf6+ 28.Kg1 Rxe3 29.Rxe3 Qxd4 30.Qg2 Qxe3+ 31.Qf2 Qxf2+ 32.Kxf2 Bc8 33.b4 
Kf8 34.a4 Ke7 35.Ke3 Kd6 36.Kd4 h4 37.b5 axb5 38.a5 h3 39.a6 Bxa6 0-1

[Event "26th EUR-ch"]
[Site "Katowice POL"]
[Date "2026.04.10"]
[Round "4.187"]
[White "Ghazarian, Raffi"]
[Black "Tymrakiewicz, Rafal"]
[Result "1-0"]
[WhiteElo "2079"]
[BlackElo "2216"]
[EventDate "2026.04.07"]
[PlyCount "87"]

1.e4 e5 2.Nf3 Nc6 3.Bb5 a6 4.Ba4 d6 5.c3 g5 6.h3 g4 7.hxg4 Bxg4 8.d4 Bg7 
9.Be3 Ne7 10.Nbd2 h5 11.Qc2 Kf8 12.dxe5 Nxe5 13.Nxe5 dxe5 14.f3 Be6 15.
O-O-O Qc8 16.Bb3 b6 17.g3 Bxb3 18.Qxb3 Qe6 19.Qa4 Kg8 20.f4 Qc6 21.Qc2 Re8
22.Nf3 Nf5 23.Bf2 Nd6 24.fxe5 Nc4 25.Nd4 Qg6 26.Nf5 Nxe5 27.Kb1 Bf8 28.Bd4
Qc6 29.Qe2 b5 30.Rde1 Qg6 31.g4 hxg4 32.Rxh8+ Kxh8 33.Bxe5+ Kg8 34.Qh2 f6 
35.Bxc7 b4 36.cxb4 Bxb4 37.Rh1 Rxe4 38.Qh8+ Kf7 39.Rh7+ Qxh7 40.Qxh7+ Ke6 
41.Ng7+ Kd5 42.Qf5+ Kd4 43.Bb6+ Kd3 44.Qd5+ 1-0

[Event "26th EUR-ch"]
[Site "Katowice POL"]
[Date "2026.04.10"]
[Round "4.188"]
[White "Hertlein, Irena"]
[Black "Salaun, Yann"]
[Result "0-1"]
[WhiteElo "2057"]
[BlackElo "2199"]
[EventDate "2026.04.07"]
[PlyCount "58"]

1.d4 Nf6 2.Nc3 d5 3.Bf4 a6 4.e3 b5 5.a3 g6 6.Be2 Bg7 7.Nf3 O-O 8.Ne5 Bb7 
9.a4 b4 10.Na2 c5 11.h4 Nc6 12.Nc1 Nd7 13.Nxd7 Qxd7 14.Nb3 cxd4 15.exd4 
Nxd4 16.Nxd4 e5 17.Be3 exd4 18.Bxd4 Bxd4 19.Qxd4 Rfe8 20.Kf1 Re4 21.Qf6 
Rae8 22.Bf3 R4e6 23.Qd4 Qe7 24.Kg1 Rc8 25.h5 Rc4 26.Qd2 Qc7 27.Rc1 Qe5 28.
b3 Rd4 29.Qh6 g5 0-1

[Event "26th EUR-ch"]
[Site "Katowice POL"]
[Date "2026.04.10"]
[Round "4.189"]
[White "Stan, Andrei-Mihaita"]
[Black "Djurovic, Peko"]
[Result "0-1"]
[WhiteElo "2038"]
[BlackElo "2191"]
[EventDate "2026.04.07"]
[PlyCount "85"]

1.d4 d5 2.c4 e6 3.Nc3 Bb4 4.cxd5 exd5 5.Qc2 Nf6 6.Bg5 h6 7.Bh4 g5 8.Bg3 
Ne4 9.e3 h5 10.f3 Nxg3 11.hxg3 Qd6 12.g4 h4 13.Bd3 Be6 14.Ne2 Nd7 15.O-O-O
Bxc3 16.Nxc3 a6 17.Kb1 c5 18.dxc5 Qxc5 19.Bf5 O-O-O 20.Nxd5 Qxc2+ 21.Kxc2 
Bxf5+ 22.gxf5 Ne5 23.Rd4 Nc6 24.Nb6+ Kc7 25.Rxd8 Rxd8 26.Nc4 b5 27.Nd2 
Nb4+ 28.Kd1 Nd3 29.Kc2 Nxb2 30.Rb1 Nd3 31.Ne4 Ne5 32.Rd1 Rg8 33.Nf6 Rh8 
34.Rh1 Nc4 35.Nd5+ Kd6 36.e4 Ke5 37.Kc3 Nd6 38.Rd1 h3 39.gxh3 Rxh3 40.Rd3 
g4 41.Nf6 gxf3 42.Nd7+ Kf4 43.Kd4 0-1

[Event "26th EUR-ch"]
[Site "Katowice POL"]
[Date "2026.04.10"]
[Round "4.190"]
[White "Ilgililer, Bertug"]
[Black "Meirovich, Ilay"]
[Result "1-0"]
[WhiteElo "1996"]
[BlackElo "2190"]
[EventDate "2026.04.07"]
[PlyCount "71"]

1.e4 c5 2.Nf3 e6 3.d4 cxd4 4.Nxd4 Nf6 5.Nc3 Nc6 6.Ndb5 d6 7.Bf4 e5 8.Bg5 
a6 9.Na3 b5 10.Nd5 Be7 11.Bxf6 Bxf6 12.c3 Rb8 13.Nc2 Bg5 14.a4 bxa4 15.
Ncb4 Bd7 16.Bxa6 Nxb4 17.cxb4 O-O 18.O-O Bc6 19.b3 Bxd5 20.Qxd5 Rxb4 21.
Rxa4 Qb6 22.Bc4 Rxa4 23.bxa4 Bd8 24.Rd1 Bc7 25.Bb3 g6 26.h3 Kg7 27.Rd3 Qc5
28.Qxc5 dxc5 29.Rd7 Ba5 30.Bd5 Rb8 31.Rxf7+ Kh6 32.h4 Bd8 33.g3 Rb4 34.Rd7
Bf6 35.Bg8 g5 36.Rxh7+ 1-0

[Event "26th EUR-ch"]
[Site "Katowice POL"]
[Date "2026.04.10"]
[Round "4.191"]
[White "Lecki, Leonard"]
[Black "Uzun, Kuzey"]
[Result "1/2-1/2"]
[WhiteElo "2189"]
[BlackElo "1982"]
[EventDate "2026.04.07"]
[PlyCount "46"]

1.e4 e6 2.d4 a6 3.c4 d5 4.exd5 exd5 5.Nf3 Bb4+ 6.Nc3 Nf6 7.Be2 dxc4 8.Bxc4
O-O 9.O-O Bg4 10.Bg5 Bxf3 11.Qxf3 Nc6 12.Rad1 h6 13.Bh4 Bxc3 14.bxc3 Na5 
15.Bd3 Qd5 16.Qg3 Ne4 17.Bxe4 Qxe4 18.Rfe1 Qc6 19.d5 Qd6 20.Qxd6 cxd6 21.
Be7 Rfe8 22.Bxd6 Rxe1+ 23.Rxe1 Rd8 1/2-1/2

[Event "26th EUR-ch"]
[Site "Katowice POL"]
[Date "2026.04.10"]
[Round "4.192"]
[White "Kulpa, Zuzanna"]
[Black "Udelnov, Valentin"]
[Result "1/2-1/2"]
[WhiteElo "1979"]
[BlackElo "2186"]
[EventDate "2026.04.07"]
[PlyCount "127"]

1.d4 f5 2.g3 Nf6 3.Bg2 g6 4.b3 Bg7 5.Bb2 O-O 6.Nf3 d6 7.O-O Ne4 8.Nbd2 Nc6
9.e3 Nxd2 10.Nxd2 e5 11.Nc4 e4 12.f4 Nb4 13.Qd2 Nd5 14.Na3 a5 15.c4 Nb4 
16.Bc3 b6 17.Nc2 Nxc2 18.Qxc2 d5 19.cxd5 Ba6 20.Rfd1 Qxd5 21.Bb2 Rf6 22.
Rac1 c6 23.Bf1 Bxf1 24.Kxf1 Bf8 25.Qc4 b5 26.Qxd5+ cxd5 27.a3 Raa6 28.Rc8 
a4 29.b4 Rfc6 30.Rc1 Rxc1+ 31.Bxc1 Rb6 32.Ke2 Kf7 33.Rc7+ Be7 34.Bd2 Ke8 
35.Rc8+ Kf7 36.Rc7 Ke6 37.Rc8 Rb7 38.h4 Kf7 39.Rc6 Ke8 40.Rc8+ Kf7 41.Rc6 
Rb8 42.Kd1 Ke8 43.Rc7 Kd8 44.Ra7 Ke8 45.Rc7 Kf7 46.Rc6 Rb7 47.Be1 Kg7 48.
Ke2 Kf7 49.Kd1 Rb8 50.Bd2 h6 51.h5 gxh5 52.Rxh6 h4 53.gxh4 Bf6 54.Rh7+ Bg7
55.Rh5 Kf6 56.Rg5 Bh6 57.Rg2 Kf7 58.Be1 Rc8 59.h5 Rc6 60.Rg1 Bg7 61.Rg5 
Bf6 62.Rg6 Rc8 63.Rg2 Bg7 64.Rg5 1/2-1/2

[Event "26th EUR-ch"]
[Site "Katowice POL"]
[Date "2026.04.10"]
[Round "4.193"]
[White "Spyra, Piotr"]
[Black "Iordache, Alexia-Andreea"]
[Result "0-1"]
[WhiteElo "1975"]
[BlackElo "2181"]
[EventDate "2026.04.07"]
[PlyCount "94"]

1.e4 c5 2.Nf3 d6 3.d4 cxd4 4.Nxd4 Nf6 5.Nc3 a6 6.h3 e6 7.g4 d5 8.exd5 Nxd5
9.Ne4 b5 10.Bg2 Bb7 11.O-O Be7 12.c3 O-O 13.a4 Nc6 14.axb5 Nxd4 15.Qxd4 
axb5 16.Rxa8 Qxa8 17.Qd3 Rd8 18.Ng5 Nf6 19.Bxb7 Qxb7 20.Qf3 Qd5 21.Qxd5 
Rxd5 22.Nf3 e5 23.Be3 Ne4 24.Ra1 f6 25.Kg2 Kf7 26.Ra5 Nd6 27.Nd2 Ke6 28.f4
Rd3 29.Kf2 e4 30.f5+ Kf7 31.Ke2 g6 32.fxg6+ hxg6 33.Bf4 f5 34.Bxd6 Bxd6 
35.gxf5 gxf5 36.Rxb5 Kg6 37.Rb6 Kg5 38.Nc4 Bf4 39.h4+ Kxh4 40.Rg6 Bg5 41.
Nd6 Kh5 42.Re6 Kg4 43.c4 Rd2+ 44.Ke1 e3 45.c5 Rc2 46.b4 Kf3 47.Kd1 Rc3 0-1

[Event "26th EUR-ch"]
[Site "Katowice POL"]
[Date "2026.04.10"]
[Round "4.194"]
[White "Pasti, Zsombor"]
[Black "Modzelewski, Filip"]
[Result "1-0"]
[WhiteElo "2180"]
[BlackElo "1971"]
[EventDate "2026.04.07"]
[PlyCount "71"]

1.e4 c5 2.d4 cxd4 3.c3 Nc6 4.cxd4 d5 5.exd5 Qxd5 6.Nf3 e5 7.Nc3 Bb4 8.Bd2 
Bxc3 9.Bxc3 exd4 10.Nxd4 Nge7 11.Nxc6 Qxc6 12.Qd4 Qe6+ 13.Be2 Nf5 14.Qb4 
Qe7 15.Qxe7+ Nxe7 16.O-O-O O-O 17.Bf3 Be6 18.Bxb7 Rab8 19.Be4 Rfc8 20.a3 
Nc6 21.Kb1 h6 22.Ka1 Rb5 23.Rc1 Rc5 24.Kb1 Nb8 25.Bd2 Nd7 26.Be3 R5c7 27.
Rxc7 Rxc7 28.Rc1 Rxc1+ 29.Kxc1 a6 30.Bd3 a5 31.Bb5 Ne5 32.Bd2 Bc4 33.Bxc4 
Nxc4 34.a4 Kf8 35.Kc2 Ke7 36.b3 1-0